The analysis and design of linear circuits / (Record no. 215067)

000 -LEADER
fixed length control field 01277 a2200265 4500
003 - CONTROL NUMBER IDENTIFIER
control field Nust
005 - DATE AND TIME OF LATEST TRANSACTION
control field 20221207183725.0
020 ## - INTERNATIONAL STANDARD BOOK NUMBER
International Standard Book Number 0471432997
020 ## - INTERNATIONAL STANDARD BOOK NUMBER
International Standard Book Number 0471452521
020 ## - INTERNATIONAL STANDARD BOOK NUMBER
International Standard Book Number 0471469688
035 ## - SYSTEM CONTROL NUMBER
System control number 001363628
040 ## - CATALOGING SOURCE
Transcribing agency Nust
082 04 - DEWEY DECIMAL CLASSIFICATION NUMBER
Classification number 621.38153,THO
100 1# - MAIN ENTRY--PERSONAL NAME
Personal name Thomas, Roland E..
9 (RLIN) 96973
245 14 - TITLE STATEMENT
Title The analysis and design of linear circuits /
Remainder of title laplace early
Statement of responsibility, etc. Roland E. Thomas, Albert J. Rosa.
250 ## - EDITION STATEMENT
Edition statement 4th
260 ## - PUBLICATION, DISTRIBUTION, ETC.
Place of publication, distribution, etc. Hoboken, N.J. :
Name of publisher, distributor, etc. Wiley,
Date of publication, distribution, etc. 2004.
300 ## - PHYSICAL DESCRIPTION
Extent xviii,788. p,;
505 8# - FORMATTED CONTENTS NOTE
Formatted contents note Introduction (Page-01), Basic Circuit Analysis (Page-14),Circuit Analysis Techniques (Page-68), Active Circuits (Page-140), Signal Waveforms (Page-208), Capacitance and Inductance (Page-246),First-Order Circuits (Page-278),Second-Order Circuits (Page-316), LaPlace Transforms (Page-348), S-Domain Circuit Analysis (Page-394), Network Functions (Page-448), Frequency Response (Page-505), Fourier series (Page-581), Analog Filter Design (Page-613), Sinusoidal Steady-State Response (Page-668), Chapter 16. Mutual Inductance (Page-772),Power in the Sinusoidal Steady State (Page-750).
650 #7 - SUBJECT ADDED ENTRY--TOPICAL TERM
Topical term or geographic name entry element Electronics
650 #7 - SUBJECT ADDED ENTRY--TOPICAL TERM
Topical term or geographic name entry element Elektronik
9 (RLIN) 101412
650 #7 - SUBJECT ADDED ENTRY--TOPICAL TERM
Topical term or geographic name entry element Kretsar
9 (RLIN) 104392
700 1# - ADDED ENTRY--PERSONAL NAME
Personal name Rosa, Albert J..
9 (RLIN) 104393
942 ## - ADDED ENTRY ELEMENTS (KOHA)
Source of classification or shelving scheme
Koha item type Book
Holdings
Withdrawn status Lost status Source of classification or shelving scheme Damaged status Not for loan Permanent Location Current Location Shelving location Date acquired Full call number Barcode Date last seen Price effective from Koha item type Public note
          Military College of Signals (MCS) Military College of Signals (MCS) General Stacks 12/12/2016 621.38153,THO MCS31569 12/08/2016 12/12/2016 Book Almirah No.34, Shelf No.3
© 2023 Central Library, National University of Sciences and Technology. All Rights Reserved.